| 000 | 00831nam a22002537a 4500 | ||
|---|---|---|---|
| 003 | DO-SdBNP | ||
| 005 | 20260321073645.0 | ||
| 007 | ta | ||
| 008 | 230320b2002 dr a|||| |||| 00| 0 spa d | ||
| 020 | _a9993476439 | ||
| 040 |
_aDO-SdBNP _bspa _cBNPHU |
||
| 082 | 4 |
_a923.27293 _bB742G _222 |
|
| 100 | 1 |
_aGutiérrez Félix, Euclides, _d1936- _95673 |
|
| 245 | 1 | 0 |
_aJuan Bosch : _bperfíl biográfico / _cEuclides Gutiérrez Félix. |
| 260 |
_aSanto Domingo : _bAlfa y Omega, _c2002. |
||
| 300 |
_a97 p. : _bilustraciones ; _c21 cm. |
||
| 490 | 1 | _aBiografías dominicanas Tobogan | |
| 590 | _aInventariado, 2002/BT | ||
| 600 | 1 | 0 |
_a Bosch, Juan, _d1909-2001 _976555 |
| 650 | 4 |
_aPresidentes _zRepública Dominicana _vBiografías _91288 |
|
| 651 | 4 |
_aRepública Dominicana _vBiografías _91083 |
|
| 910 | _aBtavárez | ||
| 942 |
_2ddc _cLBS1 |
||
| 999 |
_c53160 _d53160 |
||